书目信息 |
| 题名: |
辽阔的大陆架
|
|
| 作者: | 美帕姆·沃克 等著 王中华 译 | |
| 分册: | ||
| 出版信息: | 上海 上海科学技术文献出版社 2006.70 |
|
| 页数: | ||
| 开本: | 16开 | |
| 丛书名: | ||
| 单 册: | ||
| 中图分类: | P736.15-49 | |
| 科图分类: | ||
| 主题词: | 海洋学--基础理论 | |
| 电子资源: | ||
| ISBN: | 7-5439-2872-8 | |
| 000 | 00624nam0 2200181 450 | |
| 001 | 0736196517 | |
| 005 | 20070924100316.51 | |
| 010 | @a7-5439-2872-8@d¥15.00 | |
| 100 | @a20070924d km y0chiy0120 ea | |
| 101 | 0 | @achi |
| 200 | 1 | @a辽阔的大陆架@Aliao kuo de da lu jia@f[美]帕姆·沃克 等著 王中华 译@F[mei]pa mu·wo ke deng zhu wang zhong hua yi |
| 210 | @a上海@c上海科学技术文献出版社@d2006.70 | |
| 215 | @d16开 | |
| 606 | 0 | @a海洋学@x基础理论 |
| 690 | @aP736.15-49@v3 | |
| 701 | 0 | @a美帕姆·沃克 等著 王中华@Amei pa mu·wo ke deng zhu wang zhong hua@4译 |
| 801 | 0 | @aCN@bPFT@c20070924 |
| 905 | @a213230@dP736.15-49@eZY11@f1 | |
| 辽阔的大陆架/[美]帕姆·沃克 等著 王中华 译.-上海:上海科学技术文献出版社,2006.70 |
| 16开 |
| ISBN 7-5439-2872-8:¥15.00 |
| ● |
| 相关链接 |
|
|
|
|
正题名:辽阔的大陆架
索取号:P736.15-49/ZY11
 
预约/预借
| 序号 | 登录号 | 条形码 | 馆藏地/架位号 | 状态 | 备注 |
| 1 | 7902118 | 279021185 | 资源管理系资料室/ [索取号:P736.15-49/ZY11] | 在馆 |